| 000 | 00446nam a2200181Ia 4500 | ||
|---|---|---|---|
| 001 | 23881 | ||
| 005 | 20260414151007.0 | ||
| 008 | 260414t2015||||xx |||||||||||||| ||spa|| | ||
| 041 | _aESP | ||
| 082 |
_a720.47 _bCH554 |
||
| 100 |
_aChing, Frank D. K., _eAUT |
||
| 245 | 0 |
_aArquitectura ecológica : _bn manual ilustrado |
|
| 260 | _c2015 | ||
| 300 |
_a276 páginas : _c30 cm. |
||
| 650 | _aABD | ||
| 654 | _aCAU | ||
| 942 |
_cLIB _dJUS _fJUS _2ddc _n |
||
| 999 |
_c23881 _d23881 |
||